00862nam a22002537a 45000010005000000030006000050050017000110080041000280200018000690400029000870500014001160820008001301000031001382450067001692500036002362600036002723000061003084900059003695050008004285200097004365210030005335210020005636500025005833903FISKH20250127090226.0240522b cb ||||| |||| 00| 0 eng d a9780545065863 aFISKHbengcFISKHdFISKH aQE29.C696 a551 aLee , Quinlan B. eauthor  aThe magic school bus : bRides the Wind / cby Quinlan B. Lee  aFirst printing , September 2008 aNew York : bScholastic,c2008. a16 unnumbered pages : bcolor illustrations ; c20 cm .  a The Magic School Bus Phonics Reading Program vBook 8 aD  aMs. Frizzle's class flies kites and tries to catch up with one when the wind whisks it away.8 a160 bLexile estimate 8 aD bRaz-Plus  aphonicsvnon-fiction